| Tag |
First Indicator |
Second Indicator |
Subfields |
| LEADER |
00000pam a2200000 i 4500 |
| 001 |
in00000057785 |
| 005 |
20151008050429.0 |
| 008 |
781128s1979 pau b 00110 eng |
| 010 |
|
|
|a 78026938
|
| 020 |
|
|
|a 0391008617
|
| 035 |
|
|
|a (OCoLC)04491866
|
| 035 |
|
|
|9 AAG1005AM
|
| 040 |
|
|
|a DLC
|c DLC
|d TXA
|d UtOrBLW
|
| 049 |
|
|
|a TXAM
|c [980859]
|
| 050 |
0 |
0 |
|a JA71
|b .J84
|
| 082 |
0 |
|
|a 320
|
| 090 |
|
|
|a JA71
|b .J84 1979a
|
| 100 |
1 |
|
|a Jung, Hwa Yol.
|
| 245 |
1 |
4 |
|a The crisis of political understanding :
|b a phenomenological perspective in the conduct of political inquiry /
|c Hwa Yol Jung.
|
| 250 |
|
|
|a 1st ed.
|
| 264 |
|
1 |
|a Pittsburgh :
|b Duquesne University Press ;
|c 1979.
|
| 264 |
|
2 |
|a Atlantic Highways, N.J. :
|b Distributed by Humanities Press,
|
| 300 |
|
|
|a xvii, 256 pages ;
|c 24 cm.
|
| 336 |
|
|
|a text
|b txt
|2 rdacontent
|
| 337 |
|
|
|a unmediated
|b n
|2 rdamedia
|
| 338 |
|
|
|a volume
|b nc
|2 rdacarrier
|
| 500 |
|
|
|a Includes index.
|
| 504 |
|
|
|a Bibliography: pages 221-241.
|
| 650 |
|
0 |
|a Political science.
|
| 999 |
|
|
|a MARS
|
| 999 |
f |
f |
|s 0243caf3-eb3f-335e-b5d4-8770dbb68031
|i 8cca6af6-39e8-3730-86ec-d457465b54bd
|t 0
|
| 952 |
f |
f |
|p ric
|a Texas A&M University
|b Rellis Campus
|c Joint Library Facility
|d Remote Storage
|t 0
|e JA71 .J84 1979a
|h Library of Congress classification
|i unmediated -- volume
|m A14803064652
|
| 998 |
f |
f |
|a JA71 .J84 1979a
|t 0
|l Remote Storage
|